Theories of war and peace : (Record no. 11185)

MARC details
000 -LEADER
fixed length control field 00734cam a2200205 a 4500
001 - CONTROL NUMBER
control field 2615156
005 - DATE AND TIME OF LATEST TRANSACTION
control field 20201124143322.0
008 - FIXED-LENGTH DATA ELEMENTS--GENERAL INFORMATION
fixed length control field 980407s1998 mau b 000 0 eng
010 ## - LIBRARY OF CONGRESS CONTROL NUMBER
LC control number 98021051
020 ## - INTERNATIONAL STANDARD BOOK NUMBER
International Standard Book Number 0262522527 (pbk. : alk. paper)
040 ## - CATALOGING SOURCE
Original cataloging agency DLC
Transcribing agency DLC
Modifying agency DLC
050 00 - LIBRARY OF CONGRESS CALL NUMBER
Classification number JZ1305
Item number .T458 1998
082 00 - DEWEY DECIMAL CLASSIFICATION NUMBER
Classification number 327.101
Edition number 21
Item number THE
245 00 - TITLE STATEMENT
Title Theories of war and peace :
Remainder of title an international security reader /
Statement of responsibility, etc edited by Michael E. Brown ... [et al.].
260 ## - PUBLICATION, DISTRIBUTION, ETC. (IMPRINT)
Place of publication, distribution, etc Cambridge, Mass. :
Name of publisher, distributor, etc MIT Press,
Date of publication, distribution, etc c1998.
300 ## - PHYSICAL DESCRIPTION
Extent xxxviii, 566 p. ;
Dimensions 23 cm.
504 ## - BIBLIOGRAPHY, ETC. NOTE
Bibliography, etc Includes bibliographical references.
942 ## - ADDED ENTRY ELEMENTS (KOHA)
Source of classification or shelving scheme Dewey Decimal Classification
Item type Book - Borrowing
Holdings
Withdrawn status Item status Source of classification or shelving scheme Damaged status Not for loan Vendor Home library Current library Shelving location Date acquired Source of acquisition Total Checkouts Total Renewals Full call number Barcode Date last seen Date last borrowed Koha item type
    Dewey Decimal Classification       Central Library Central Library First floor 05/04/2009   13 39 327.101 THE 000015845 13/10/2025 06/10/2025 Book - Borrowing